| 000 | 00777nam a2200205Ii 4500 | ||
|---|---|---|---|
| 003 | JO-AjNU | ||
| 008 | 230606s9999||||xx |||||||||||||| ||und|| | ||
| 020 | _a978-84-16982-09-7 | ||
| 040 |
_aJO-AjNU _beng _erda _cJO-AjNU |
||
| 041 | _aeng | ||
| 050 | 1 | 4 | _aTA416 2016 |
| 100 | 3 |
_aAuteurs: Bouali,Abderrahime ---؛Edited:Hakky,Rafee/Abderrahime Bouali/Mohand Hamizi, _eauthor _95696 |
|
| 245 | 0 | 0 | _aTuning Moyen-Orient et Afrique du Nord: Points de reference pour la conceotion et la mise en oeuvre de programmes d' etudes en Architecture |
| 264 | 3 | 1 | _aBilbao: Universite de Deusto,2016 |
| 300 | _a235p | ||
| 336 |
_atext _btxt _2rdacontent |
||
| 337 |
_aunmediated _bn _2rdamedia |
||
| 338 |
_avolume _bnc _2rdacarrier |
||
| 650 | 4 |
_aEngineering - Teaching and Teaching _95697 |
|
| 999 |
_aE2951 _c2949 _d2949 |
||